000 00627nam a22002057a 4500
008 150617b xxu||||| |||| 00| 0 eng d
020 _a9781848164956
020 _a1848164955
041 0 _aeng
080 _a658
245 0 0 _aSmaller manufacturing enterprises in an international context :
_cGeorge Tesar ... [et al].
260 _aLondon :
_bImperial College Press,
_c2010.
300 _a300 f. ;
_b24 cm.
500 _aPreface: f.vii-ix
505 _aIndex: f.297-300
650 0 _aIndustria e prodhimit
650 0 _aNdërmarrjet e vogla
700 1 _aTesar, George.
942 _2udc
_cBK
999 _c1048
_d1048